Every Yo Gotti Song on the Billboard Hot 100 - Statistics

General Stats
  • This quiz has been taken 24 times
    18 since last reset
  • The average score is 7 of 12
Answer Stats
# Year Song % Correct
8 2017 Rake It Up ft. Nicki Minaj
100%
79 2009 5 Star
75%
13 2016 Down In The DM ft. Nicki Minaj
75%
79 2016 Law ft. E-40
75%
100 2013 Act Right ft. Jeezy & YG
63%
81 2010 Women Lie, Men Lie ft. Lil Wayne
63%
70 2018 1942 (G-Eazy) ft. YBN Nahmir
50%
46 2017 Pills And Automobiles (Chris Brown) ft. A Boogie Wit da Hoodie & Kodak Black
50%
46 2019 Put A Date On It ft. Lil Baby
50%
71 2016 Champions (Kanye West, Gucci Mane, Big Sean, 2 Chainz, Travis Scott, Quavo & Desiigner)
38%
98 2014 Errrbody
38%
90 2018 Juice
38%
No matching quizzes found
Score Distribution
Percent of People with Each Score
Percentile by Number Answered
Your Score History
You have not taken this quiz since the last reset